Contemporary's make your mark in health service

Đã lưu trong:
Bibliografiske detaljer
Hovedforfatter: Phyllis Pogrund
Format: Bog
Sprog:Undetermined
Udgivet: Lincolnwood, Chicago Contemporary Books 1998
Fag:
Tags: Tilføj Tag
Ingen Tags, Vær først til at tagge denne postø!
Thư viện lưu trữ: Trung tâm Học liệu Trường Đại học Cần Thơ
LEADER 00593nam a2200205Ia 4500
001 CTU_65755
008 210402s9999 xx 000 0 und d
020 |b 106000 
082 |a 428.24 
082 |b P746 
100 |a Phyllis Pogrund 
245 0 |a Contemporary's make your mark in health service 
245 0 |c Phyllis Pogrund and Rosemary Grebel 
260 |a Lincolnwood, Chicago 
260 |b Contemporary Books 
260 |c 1998 
650 |a english language 
650 |x textbooks for foreign speakers 
904 |i Minh 
980 |a Trung tâm Học liệu Trường Đại học Cần Thơ